[Event "POLFINAL MISTRZOSTW POLSKI JUNIOROW 2019 - C11"]
[Site "Ustron"]
[Date "1899-12-30"]
[Round "6.11"]
[White "Dietrich, Pawel"]
[Black "Mieszkowski, Adam"]
[Result "1-0"]
[WhiteTitle "II"]
[BlackTitle "II"]
[WhiteElo "1214"]
[BlackElo "1126"]

1. e4 e5 2. Nf3 Nc6 3. Bb5 a6 4. Ba4 Nf6 5. d3 b5 6. Bb3 Bb7 7. O-O Bd6 8. c3 O-O
9. Bg5 h6 10. Bh4 a5 11. d4 a4 12. Bd5 Re8 13. Qd3 Kh8 14. Bxf7 Qe7 15. Bxe8 Rxe8
16. Qxb5 Rb8 17. d5 Na7 18. Qxa4 Bc5 19. Nbd2 c6 20. b4 Bb6 21. Nc4 Nc8 22. Nfxe5
Qe8 23. dxc6 dxc6 24. Rad1 Ra8 25. Qb3 Ba6 26. Nxb6 Nxb6 27. Nf7+ Kh7 28. Nd6
Qe7 29. Rfe1 Rd8 30. Qf7 Qxf7 31. Nxf7 Rf8 32. Nd6 Nc4 33. Nxc4 Bxc4 34. e5 Nd5
35. e6 Bxa2 36. Rd4 Re8 37. c4 Nc7 38. Bg3 Rxe6 39. Rxe6 Nxe6 40. Rd6 Bxc4 41.
Rxc6 Bd5 42. Rd6 Bc4 43. b5 Nf8 44. b6 Ba6 45. Rd8 Ne6 46. Ra8 Bb7 47. Ra7 Nd8
48. Bc7 Nc6 49. Rxb7 Na5 50. Ra7 Nc6 51. b7 1-0

[Event "POLFINAL MISTRZOSTW POLSKI JUNIOROW 2019 - C11"]
[Site "Ustron"]
[Date "1899-12-30"]
[Round "6.12"]
[White "Sawicki, Dorian"]
[Black "Wolak, Maciej"]
[Result "0-1"]
[WhiteTitle "II"]
[BlackTitle "II"]
[WhiteElo "1142"]
[BlackElo "1213"]

1. Nf3 Nf6 2. c4 c5 3. g3 e6 4. Bg2 d5 5. cxd5 exd5 6. d4 Nc6 7. dxc5 Bxc5 8. O-O
O-O 9. Bg5 Be6 10. Nc3 Be7 11. Nd4 h6 12. Bf4 Bc5 13. Nb3 Bb6 14. Na4 Bc7 15.
Bxc7 Qxc7 16. Nc3 Rad8 17. Nd4 Qb6 18. Nxe6 fxe6 19. Rb1 Qc7 20. Bh3 Qf7 21. Qb3
Qh5 22. Bxe6+ Kh8 23. Qxb7 Nd4 24. g4 Nxg4 25. Bxg4 Qxg4+ 26. Kh1 Nxe2 27. Nxe2
Qxe2 28. Rg1 Qe4+ 29. Rg2 Qxb1+ 30. Rg1 Qe4+ 31. Rg2 Qe5 32. Qxa7 Qxb2 33. Qc7
Rc8 34. Qd7 Rc1+ 35. Rg1 Rxg1+ 36. Kxg1 Qxf2+ 0-1

[Event "POLFINAL MISTRZOSTW POLSKI JUNIOROW 2019 - C11"]
[Site "Ustron"]
[Date "1899-12-30"]
[Round "6.13"]
[White "Kowalski, Witold"]
[Black "Macura, Mateusz"]
[Result "1-0"]
[WhiteTitle "II"]
[BlackTitle "II"]
[WhiteElo "1187"]
[BlackElo "1249"]

1. e4 d5 2. exd5 Nf6 3. d4 Bg4 4. Bb5+ c6 5. dxc6 Qa5+ 6. Nc3 Nxc6 7. Be2 Bxe2
8. Ngxe2 O-O-O 9. Be3 e5 10. Qd3 Bc5 11. Qf5+ Kb8 12. dxc5 Nd4 13. Qxe5+ Ka8 14.
Nxd4 Rhe8 15. Qg3 Ne4 16. Qxg7 Nxc3 17. Nb3 Qb4 18. Qxc3 Qe4 19. f3 Qf4 20. Kf2
Qh4+ 21. g3 Qh3 22. c6 Qc8 23. cxb7+ Qxb7 24. Na5 Qa6 25. Qc6+ Qxc6 26. Nxc6 Rc8
27. Nd4 Rb8 28. Rhd1 Rxb2 29. Rdb1 Rxb1 30. Rxb1 a6 31. Nf5 Rc8 32. Nd4 Rd8 33.
Ke2 Re8 34. Kd3 Re5 35. Nc6 Re8 36. Rb8+ Rxb8 37. Nxb8 Kxb8 38. Kd4 Kc7 39. Kd5
Kd7 40. c4 a5 41. c5 a4 42. c6+ Kc8 43. Kd6 a3 44. Bc5 f5 45. Bxa3 h5 46. g4 fxg4
47. fxg4 hxg4 48. Bc5 Kd8 49. c7+ Kc8 50. a4 g3 51. hxg3 Kb7 52. Kd7 Ka6 53. c8=Q+
Ka5 54. Qb8 Kxa4 55. Qb4# 1-0

[Event "POLFINAL MISTRZOSTW POLSKI JUNIOROW 2019 - C11"]
[Site "Ustron"]
[Date "1899-12-30"]
[Round "6.14"]
[White "Kowalczyk, Jakub"]
[Black "Gradzki, Artur"]
[Result "0-1"]
[WhiteTitle "II"]
[BlackTitle "II"]
[WhiteElo "1132"]
[BlackElo "1189"]

1. e4 e5 2. Nf3 Nc6 3. Bc4 Bc5 4. c3 Nf6 5. d3 h6 6. O-O O-O 7. h3 d6 8. Re1 Be6
9. Bb5 a6 10. Ba4 Ba7 11. Bc2 Qe7 12. Nbd2 Rad8 13. Nb3 Nd7 14. d4 Bxb3 15. Bxb3
exd4 16. cxd4 Qf6 17. d5 Nce5 18. Nd4 Rfe8 19. Be3 Nc5 20. f3 Nxb3 21. Nxb3 Bxe3+
22. Rxe3 b5 23. Nd2 Nd7 24. b3 Nb6 25. Rc1 Nxd5 26. Re1 Nf4 27. Nf1 Qg5 28. Ne3
d5 29. Rc2 dxe4 30. Qb1 exf3 31. g4 Nd3 32. Kh1 Nxe1 33. Qxe1 Qxe3 34. Qf1 Qe1
35. Rc1 f2 36. Rxe1 fxe1=Q 37. Qxe1 Rxe1+ 0-1

[Event "POLFINAL MISTRZOSTW POLSKI JUNIOROW 2019 - C11"]
[Site "Ustron"]
[Date "1899-12-30"]
[Round "6.15"]
[White "Uhryn, Mateusz"]
[Black "Janicki, Tomasz"]
[Result "1/2-1/2"]
[WhiteTitle "II+"]
[BlackTitle "II"]
[WhiteElo "1362"]
[BlackElo "1129"]

1. f4 d5 2. Nf3 Nf6 3. b3 Bg4 4. e3 e6 5. Bb2 c5 6. Bb5+ Nbd7 7. Bxd7+ Nxd7 8.
d3 Nf6 9. Nbd2 Be7 10. O-O O-O 11. Qe1 Rc8 12. Ne5 Bf5 13. h3 Bg6 14. Ndf3 Nd7
15. Nxd7 Qxd7 16. Ne5 Qd8 17. Kh1 Bf6 18. Nxg6 fxg6 19. Bxf6 gxf6 20. e4 d4 21.
f5 gxf5 22. exf5 e5 23. Qe4 Qd7 24. Kh2 Rf7 25. Rg1 Rg7 26. g4 Qc6 27. Qxc6 Rxc6
28. Rg3 h6 29. Rag1 b5 30. Ra1 a5 31. a4 1/2-1/2

[Event "POLFINAL MISTRZOSTW POLSKI JUNIOROW 2019 - C11"]
[Site "Ustron"]
[Date "1899-12-30"]
[Round "6.16"]
[White "Nagly, Krzysztof"]
[Black "Wilgosz, Szczepan"]
[Result "0-1"]
[WhiteTitle "III"]
[BlackTitle "II"]
[WhiteElo "1071"]
[BlackElo "1268"]

1. e4 e5 2. Bc4 Nf6 3. d3 c6 4. Nc3 d5 5. Bb3 d4 6. Nce2 c5 7. f4 Nc6 8. f5 h6
9. Nf3 Bd6 10. Rg1 Bd7 11. h4 Qe7 12. g4 O-O-O 13. g5 Nh5 14. c3 Bxf5 15. exf5
e4 16. dxe4 Qxe4 17. Kf2 Ne5 18. Nxe5 Qxh4+ 19. Ng3 Bxe5 20. Qf3 hxg5 21. Bxf7
g4 22. Qd3 dxc3 23. Bg5 Qxg5 24. Qe4 Bxg3+ 25. Rxg3 Qd2+ 26. Kg1 Nxg3 27. Be6+
Kb8 28. Qe5+ Qd6 29. Qxd6+ Rxd6 30. bxc3 Rh1+ 31. Kg2 Rxa1 32. Kxg3 Rg1+ 33. Kf2
Rc1 34. Kg3 Rxc3+ 35. Kxg4 Rxe6 36. fxe6 Re3 37. Kf5 c4 38. a4 c3 39. a5 c2 40.
a6 c1=Q 41. e7 Rxe7 42. axb7 Qf1+ 43. Kg6 Qf6+ 44. Kh7 g5+ 45. Kg8 Qg7# 0-1

[Event "POLFINAL MISTRZOSTW POLSKI JUNIOROW 2019 - C11"]
[Site "Ustron"]
[Date "1899-12-30"]
[Round "6.18"]
[White "Wawrukiewicz, Szymon"]
[Black "Owierczuk, Szymon"]
[Result "1/2-1/2"]
[WhiteTitle "II"]
[BlackTitle "II"]
[WhiteElo "1143"]
[BlackElo "1086"]

1. e4 c5 2. Nf3 d6 3. d4 cxd4 4. Nxd4 Nf6 5. Nc3 a6 6. Be3 e6 7. f3 Nbd7 8. Bc4
b5 9. Bd3 Bb7 10. Qd2 Be7 11. O-O-O Qc7 12. g4 Nc5 13. h4 Rc8 14. Rdg1 Nfd7 15.
h5 b4 16. Nb1 Nxd3+ 17. Qxd3 Ne5 18. Qb3 Nc6 19. Nxc6 Qxc6 20. Rh2 d5 21. exd5
Qxd5 22. Rf1 Qxb3 23. axb3 O-O 24. Nd2 Bd5 25. Kb1 Rc6 26. h6 g6 27. Rc1 a5 28.
Re2 Ra8 29. f4 a4 30. bxa4 Rxa4 31. c4 bxc3 32. Rxc3 Rxc3 33. bxc3 Bf6 34. Kb2
Ra2+ 35. Kb1 Bxc3 36. g5 Bxd2 37. Rxd2 Rxd2 38. Bxd2 Kf8 39. Kc2 Ke7 40. Kd3 f6
41. Kd4 fxg5 42. fxg5 1/2-1/2

[Event "POLFINAL MISTRZOSTW POLSKI JUNIOROW 2019 - C11"]
[Site "Ustron"]
[Date "1899-12-30"]
[Round "6.19"]
[White "Katny, Tymoteusz"]
[Black "Marekwica, Dawid"]
[Result "1/2-1/2"]
[WhiteTitle "III"]
[BlackTitle "III"]
[WhiteElo "1027"]
[BlackElo "1129"]

1. e4 e5 2. Nf3 Nc6 3. Bc4 Bc5 4. d3 d6 5. Ng5 Nh6 6. Nf3 Qf6 7. Bg5 Qg6 8. h4
Nd4 9. Nbd2 Bg4 10. c3 Ne6 11. Qa4+ c6 12. Bd5 Rc8 13. Nb3 Bb6 14. Nbd2 Bxf3 15.
Nxf3 Nxg5 16. hxg5 Ng8 17. a3 Ne7 18. Bc4 O-O 19. Qc2 Kh8 20. O-O-O f6 21. Qd2
fxg5 22. Qxg5 Qxg5+ 23. Nxg5 d5 24. Rxh7+ Kg8 25. Rdh1 Ng6 26. Ne6 Rf7 27. exd5
Bxf2 28. dxc6 Be3+ 29. Kd1 Bh6 30. cxb7 Rxb7 31. Nc5+ Kxh7 32. Nxb7 Rb8 33. Bd5
Nf4 34. Be4+ Kh8 35. b4 Nxd3 36. Bxd3 Rxb7 37. Rf1 g5 38. Rh1 Kg7 39. g4 Rd7 40.
Kc2 Re7 41. Be4 Rf7 42. Bf5 Re7 43. Rd1 Kf7 44. Rd7 Rxd7 45. Bxd7 Ke7 46. Bf5
Kd6 47. c4 Bg7 48. Kd3 Kc6 49. Ke4 Kb6 50. Be6 a5 51. Kf5 a4 52. Kxg5 e4 53. c5+
Kc6 54. Bf7 Bb2 55. Be8+ Kb7 56. Bxa4 Bxa3 57. Bc2 e3 58. Bd3 Bxb4 59. Kf5 Bxc5
60. g5 Bd4 61. g6 Bc3 1/2-1/2

[Event "POLFINAL MISTRZOSTW POLSKI JUNIOROW 2019 - C11"]
[Site "Ustron"]
[Date "1899-12-30"]
[Round "6.21"]
[White "Krzastek, Adrian"]
[Black "Iracki, Piotr"]
[Result "1-0"]
[WhiteTitle "II"]
[BlackTitle "III"]
[WhiteElo "1181"]
[BlackElo "1136"]

1. e4 c6 2. d4 d5 3. Nc3 dxe4 4. Nxe4 Bf5 5. Ng3 Bg6 6. h4 h6 7. Nf3 Nf6 8. h5
Bh7 9. Bd3 Bxd3 10. Qxd3 e6 11. Bd2 Bd6 12. O-O-O Qe7 13. Ne4 Nxe4 14. Qxe4 O-O
15. Kb1 b5 16. Qg4 Kh8 17. Bf4 Bxf4 18. Qxf4 a5 19. Ne5 a4 20. Qf3 a3 21. Nxc6
Nxc6 22. Qxc6 Qb4 23. Qc3 Qc4 24. Qxc4 bxc4 25. b3 Rfc8 26. Rh3 cxb3 27. cxb3
Rd8 28. Rhd3 Ra6 29. Kc2 Rc6+ 30. Kd2 Rcd6 31. Ke3 Kh7 32. g4 g5 33. f4 f5 34.
Kf3 gxf4 35. gxf5 e5 36. Ke4 f3 37. Kxf3 exd4 38. Ke4 Re8+ 39. Kf4 Kg7 40. b4
Kf6 41. Rxa3 Re5 42. Rf3 Rxf5+ 43. Kg4 Rxf3 44. Kxf3 Kg5 45. Ke4 Re6+ 46. Kd5
Re2 47. a4 Kxh5 48. Rxd4 Rg2 49. b5 Rg6 50. Rd1 Kh4 51. Rh1+ Kg5 52. Rg1+ 1-0

[Event "POLFINAL MISTRZOSTW POLSKI JUNIOROW 2019 - C11"]
[Site "Ustron"]
[Date "1899-12-30"]
[Round "7.1"]
[White "Olszewski, Antoni"]
[Black "Duda, Szymon"]
[Result "1/2-1/2"]
[WhiteTitle "II"]
[BlackTitle "II+"]
[WhiteElo "1292"]
[BlackElo "1469"]

1. e4 e5 2. Nf3 Nc6 3. d4 exd4 4. Nxd4 Bc5 5. Nb3 Bb6 6. Nc3 d6 7. Qe2 Be6 8. Be3
Qe7 9. O-O-O O-O-O 10. g3 Nf6 11. Bg2 Ne5 12. Bxb6 axb6 13. f4 Bc4 14. Qd2 Nc6
15. Rhe1 h5 16. h3 Rhe8 17. Qf2 Qf8 18. Nd4 Na7 19. Nf5 Nb5 20. Nd5 Bxd5 21. exd5
g6 22. Nd4 Nxd4 23. Qxd4 Rxe1 24. Rxe1 Re8 25. Qc3 Rxe1+ 26. Qxe1 Qe8 27. Qxe8+
Nxe8 28. Kd2 Kd7 29. Kd3 Nf6 30. c4 c6 1/2-1/2

[Event "POLFINAL MISTRZOSTW POLSKI JUNIOROW 2019 - C11"]
[Site "Ustron"]
[Date "1899-12-30"]
[Round "7.2"]
[White "Brozynski, Patryk"]
[Black "Grzebieniowski, Michal"]
[Result "1/2-1/2"]
[WhiteTitle "IV"]
[BlackTitle "II"]
[WhiteElo "1665"]
[BlackElo "1332"]

1. e4 c6 2. Nc3 d5 3. Nf3 dxe4 4. Nxe4 Nd7 5. d4 Ngf6 6. Qe2 e6 7. Bg5 Be7 8. Ne5
Nxe4 9. Bxe7 Qxe7 10. Qxe4 Qb4+ 11. Kd1 Qxb2 12. Rc1 Qxa2 13. Bc4 Qa3 14. Qg4
O-O 15. Re1 Nf6 16. Qh4 Qd6 17. Re3 c5 18. c3 Rd8 19. Bd3 cxd4 20. Nc4 Qd5 21.
Re5 Qxg2 22. Be2 dxc3+ 23. Kc2 Bd7 24. Ra1 Nd5 25. Rg5 Nb4+ 26. Kxc3 Qc6 27. Rxg7+
Kxg7 28. Rg1+ Kf8 29. Qh6+ Ke7 30. Qh4+ Kf8 31. Qh6+ 1/2-1/2

[Event "POLFINAL MISTRZOSTW POLSKI JUNIOROW 2019 - C11"]
[Site "Ustron"]
[Date "1899-12-30"]
[Round "7.3"]
[White "Jaszczuk, Piotr"]
[Black "Glaz, Michal"]
[Result "1-0"]
[WhiteTitle "II"]
[BlackTitle "II"]
[WhiteElo "1267"]
[BlackElo "1177"]

1. e4 c5 2. Nf3 d6 3. d4 cxd4 4. Nxd4 Nf6 5. Nc3 a6 6. Bd3 Qc7 7. O-O Bd7 8. Be3
e6 9. f4 Be7 10. Kh1 O-O 11. f5 e5 12. Nf3 Nc6 13. Qe1 Rfe8 14. Qh4 Qd8 15. Qg3
Nh5 16. Qh3 Nf6 17. Ng5 h6 18. Nf3 Bf8 19. Bc4 b5 20. Bb3 b4 21. Nd5 Nxd5 22.
Bxd5 Rc8 23. Qh5 Kh8 24. Bxf7 Re7 25. Ng5 Be8 26. Qg6 hxg5 27. Qh5# 1-0

[Event "POLFINAL MISTRZOSTW POLSKI JUNIOROW 2019 - C11"]
[Site "Ustron"]
[Date "1899-12-30"]
[Round "7.4"]
[White "Jozwik, Michal"]
[Black "Dietrich, Pawel"]
[Result "1/2-1/2"]
[WhiteTitle "II"]
[BlackTitle "II"]
[WhiteElo "1404"]
[BlackElo "1214"]

1. Nf3 d5 2. g3 Nf6 3. c4 e6 4. Bg2 Be7 5. O-O O-O 6. d4 c6 7. Nc3 Nbd7 8. Qd3
b6 9. e4 Bb7 10. Bf4 h6 11. Rad1 a5 12. Rfe1 Rc8 13. Ne5 Ba6 14. b3 Bb4 15. Re2
Ne8 16. Nxd7 Qxd7 17. e5 Nc7 18. Ree1 Qe7 19. Rc1 Rfd8 20. Red1 c5 21. Ne2 dxc4
22. bxc4 b5 23. a3 bxc4 24. Qf3 cxd4 25. axb4 d3 26. b5 Nxb5 27. Nc3 Nd4 28. Qg4
Kh8 29. Be3 Nb3 30. Rb1 Qf8 31. Bd2 Rd4 1/2-1/2

[Event "POLFINAL MISTRZOSTW POLSKI JUNIOROW 2019 - C11"]
[Site "Ustron"]
[Date "1899-12-30"]
[Round "7.5"]
[White "Przybylski, Jan"]
[Black "Wolak, Maciej"]
[Result "1-0"]
[WhiteTitle "II"]
[BlackTitle "II"]
[WhiteElo "1286"]
[BlackElo "1213"]

1. e4 d5 2. exd5 Qxd5 3. Nc3 Qa5 4. d4 c6 5. h3 Nf6 6. Bd2 Bf5 7. Nf3 e6 8. Bc4
Qc7 9. a3 Bd6 10. O-O Nbd7 11. Nh4 Bg6 12. b4 Be4 13. Re1 Bd5 14. Bxd5 Nxd5 15.
Nxd5 cxd5 16. Qg4 Rg8 17. Qh5 g6 18. Qxd5 Nb6 19. Qb5+ Qc6 20. Qxc6+ bxc6 21.
Rad1 O-O-O 22. Nf3 Nc4 23. Bc1 h5 24. Nd2 Nxd2 25. Bxd2 g5 26. c4 g4 27. hxg4
Rxg4 28. d5 cxd5 29. cxd5 exd5 30. f3 Rg3 31. Re2 Rg6 32. Be1 f5 33. Bh4 Rdg8
34. Rxd5 Bg3 35. Bxg3 Rxg3 36. Rxf5 h4 37. Kh2 R3g6 38. Rh5 Ra6 39. Ra2 Rd6 40.
Rxh4 Kb7 41. g4 Rd3 42. Rh3 Rf8 43. Kg2 Rf4 44. g5 Rd6 45. Kg3 Rfd4 46. Rh7+ Kb6
47. Rah2 Rg6 48. R7h6 Rc6 49. Rxc6+ Kxc6 50. Rh6+ Kb5 51. g6 Rd5 52. Kg4 Rd8 53.
g7 Rg8 54. Rg6 Ka4 55. f4 Kxa3 56. f5 Kxb4 57. f6 a5 58. f7 Rxg7 59. f8=Q+ Kb3
60. Rxg7 a4 61. Qc5 a3 62. Rb7+ Ka2 63. Qc2+ Ka1 64. Rb1# 1-0

[Event "POLFINAL MISTRZOSTW POLSKI JUNIOROW 2019 - C11"]
[Site "Ustron"]
[Date "1899-12-30"]
[Round "7.6"]
[White "Stanik, Szymon"]
[Black "Wandor, Adam"]
[Result "1/2-1/2"]
[WhiteTitle "II"]
[BlackTitle "II"]
[WhiteElo "1187"]
[BlackElo "1241"]

1. e4 Nc6 2. Nf3 e5 3. Bc4 h6 4. c3 Nf6 5. d3 d6 6. h3 Na5 7. Bb5+ Bd7 8. Ba4 b5
9. Bc2 Be7 10. Be3 O-O 11. O-O Be6 12. Qd2 c6 13. b4 Nb7 14. a4 a5 15. axb5 cxb5
16. bxa5 Nxa5 17. Na3 Bd7 18. d4 d5 19. dxe5 Nxe4 20. Qxd5 Bc6 21. Qxd8 Rfxd8
22. Bxe4 Bxe4 23. Bb6 Rdb8 24. Bxa5 Rxa5 25. Nc2 Rxa1 26. Nxa1 Bxf3 27. gxf3 Rc8
28. Rc1 Bb4 29. c4 Rxc4 30. Rxc4 bxc4 31. Nc2 Bc5 32. Kf1 Kf8 33. Ke2 Ke7 34.
f4 Ke6 35. Kf3 g5 36. Ke4 gxf4 37. f3 Be3 38. Na3 c3 39. Nc2 f5+ 40. exf6 Kxf6
41. Kd3 Bd2 42. Ke2 Ke5 43. Kd3 Kf5 44. Ke2 Kg5 45. Kf2 h5 46. Kg2 Kf5 47. Kf2
Ke5 1/2-1/2

[Event "POLFINAL MISTRZOSTW POLSKI JUNIOROW 2019 - C11"]
[Site "Ustron"]
[Date "1899-12-30"]
[Round "7.7"]
[White "Niemczyk, Krzysztof"]
[Black "Karwot, Marek"]
[Result "0-1"]
[WhiteTitle "II"]
[BlackTitle "II"]
[WhiteElo "1227"]
[BlackElo "1166"]

1. e4 c5 2. Nf3 Nc6 3. Bb5 g6 4. Bxc6 bxc6 5. O-O Bg7 6. Re1 Nh6 7. c3 O-O 8. d4
cxd4 9. cxd4 d5 10. e5 f6 11. h3 Nf7 12. Bf4 Bb7 13. Nbd2 fxe5 14. Nxe5 Nxe5 15.
Bxe5 Bxe5 16. Rxe5 c5 17. Qe2 cxd4 18. Rxe7 Qb6 19. Qe5 Rf7 20. Rxf7 Kxf7 21.
Nb3 d3 22. Rd1 Qb5 23. Qc7+ Kg8 24. Qc5 Qc4 25. Rc1 Qe4 26. Qc7 d4 27. Nc5 Qxg2#
0-1

[Event "POLFINAL MISTRZOSTW POLSKI JUNIOROW 2019 - C11"]
[Site "Ustron"]
[Date "1899-12-30"]
[Round "7.8"]
[White "Fil, Grzegorz"]
[Black "Skowron, Dawid"]
[Result "1-0"]
[WhiteTitle "II"]
[BlackTitle "II"]
[WhiteElo "1188"]
[BlackElo "1278"]

1. e4 e5 2. Nf3 Nc6 3. Bc4 Bc5 4. c3 Nf6 5. d3 h6 6. Nbd2 d6 7. h3 Be6 8. Bb3 O-O
9. Bc2 Re8 10. O-O Bb6 11. Re1 Qe7 12. Nf1 Rad8 13. Qe2 Qd7 14. Kh2 Ne7 15. Ng3
Ng6 16. a4 a5 17. d4 exd4 18. cxd4 Qc8 19. Be3 Bd7 20. Rad1 Bc6 21. d5 Bxe3 22.
dxc6 Bf4 23. Qc4 b6 24. Qc3 Ne5 25. Nxe5 Bxe5 26. Qb3 Nh5 27. Bd3 Nxg3 28. fxg3
Qe6 29. Bc4 Qg6 30. Re3 Re7 31. Rf1 Rf8 32. Ref3 Bf6 33. Bd5 h5 34. h4 Be5 35.
Rf5 Bf6 36. Qf3 Re5 37. Rxe5 Bxe5 38. Qb3 Bf6 39. Rf3 Be5 40. Qa2 Bf6 41. Qa3
Be5 42. b4 axb4 43. Qxb4 Kh8 44. a5 bxa5 45. Qxa5 Qg4 46. Qxc7 Ra8 47. Qd7 Qxd7
48. cxd7 Rd8 49. Bxf7 Rxd7 50. Bxh5 Kh7 51. Rf7 Rd8 52. Kh3 Bf6 53. Bf3 Kg6 54.
Rb7 Kh6 55. g4 g5 56. g3 Kg6 57. Be2 Rh8 58. Bd3 Be5 59. Bc4 Rf8 60. Kg2 gxh4
61. gxh4 Rf4 62. Be6 Bd4 63. Bf5+ Kf6 64. g5+ 1-0

[Event "POLFINAL MISTRZOSTW POLSKI JUNIOROW 2019 - C11"]
[Site "Ustron"]
[Date "1899-12-30"]
[Round "7.9"]
[White "Gradzki, Artur"]
[Black "Banaczyk, Piotr"]
[Result "0-1"]
[WhiteTitle "II"]
[BlackTitle "II"]
[WhiteElo "1189"]
[BlackElo "1183"]

1. e4 e6 2. d4 d5 3. e5 c5 4. c3 Qb6 5. Nf3 Nc6 6. Be2 cxd4 7. cxd4 Nge7 8. Nc3
Nf5 9. Na4 Bb4+ 10. Bd2 Qa5 11. Bc3 b5 12. a3 Qxa4 13. Bxb4 Qxd1+ 14. Rxd1 Bd7
15. O-O Nxb4 16. axb4 O-O 17. Rc1 Rfc8 18. Rc5 h6 19. Rfc1 Rxc5 20. bxc5 Ne7 21.
Rc3 a5 22. h3 b4 23. Rc1 a4 24. Ra1 Bc6 25. Bd1 Bb5 26. Ne1 Nc6 27. Nf3 a3 28.
Bc2 Bc4 29. Bd1 a2 30. b3 Bd3 31. Ne1 Be4 32. Nc2 Bxc2 33. Bxc2 Nxd4 34. Bd1 Kf8
35. f4 Ke7 36. Kf2 Ra3 37. Ke1 Kd7 38. Kd2 Kc6 39. Kc1 Nxb3+ 40. Bxb3 Rxb3 41.
Rxa2 Ra3 42. Rc2 Rc3 43. Rxc3 bxc3 44. Kc2 d4 45. Kd3 Kxc5 46. g4 g6 47. h4 Kd5
48. h5 gxh5 0-1

[Event "POLFINAL MISTRZOSTW POLSKI JUNIOROW 2019 - C11"]
[Site "Ustron"]
[Date "1899-12-30"]
[Round "7.10"]
[White "Stepinski, Piotr"]
[Black "Kowalski, Witold"]
[Result "1-0"]
[WhiteTitle "II"]
[BlackTitle "II"]
[WhiteElo "1135"]
[BlackElo "1187"]

1. d4 d5 2. c4 e6 3. Nc3 Nf6 4. Bg5 Be7 5. Nf3 b6 6. cxd5 Nxd5 7. Nxd5 exd5 8.
Bxe7 Qxe7 9. Rc1 O-O 10. Qc2 c6 11. e3 Bb7 12. Bd3 h6 13. Ne5 Rc8 14. a3 Nd7 15.
Nxd7 Qxd7 16. Bf5 Qe7 17. Bxc8 Rxc8 18. Qa4 a5 19. Qb3 b5 20. Qc3 a4 21. Qc5 Qc7
22. h3 f5 23. Rc3 Re8 24. Qxd5+ cxd5 25. Rxc7 Ba6 26. Kd2 b4 27. axb4 Rb8 28.
Kc3 Bb5 29. Ra1 Rb6 30. b3 axb3 31. Kxb3 1-0

[Event "POLFINAL MISTRZOSTW POLSKI JUNIOROW 2019 - C11"]
[Site "Ustron"]
[Date "1899-12-30"]
[Round "7.11"]
[White "Janicki, Tomasz"]
[Black "Nocek, Dominik"]
[Result "1/2-1/2"]
[WhiteTitle "II"]
[BlackTitle "II"]
[WhiteElo "1129"]
[BlackElo "1317"]

1. d4 Nf6 2. Bf4 c5 3. c3 Qb6 4. Qc2 cxd4 5. cxd4 Nc6 6. e3 d6 7. Nc3 g6 8. Nf3
Nb4 9. Qd2 Bf5 10. Rc1 Bg7 11. Bb5+ Bd7 12. Bxd7+ Nxd7 13. a3 Nc6 14. Nd5 Qd8
15. b4 Nb6 16. Nxb6 Qxb6 17. O-O O-O 18. Qd3 a6 19. Nd2 e5 20. dxe5 dxe5 21. Bg3
Rad8 22. Qe2 f5 23. Nc4 Qc7 24. f3 Qe7 25. Rfd1 Rxd1+ 26. Rxd1 Rd8 27. Rxd8+ Qxd8
28. Qd2 Qxd2 29. Nxd2 Kf7 30. Kf2 Ke6 31. Ke2 Kd5 32. Kd3 Kd4+ 33. Kxd4 1/2-1/2

[Event "POLFINAL MISTRZOSTW POLSKI JUNIOROW 2019 - C11"]
[Site "Ustron"]
[Date "1899-12-30"]
[Round "7.12"]
[White "Stachowiak, Bruno"]
[Black "Trusewicz, Jakub"]
[Result "1-0"]
[WhiteTitle "II"]
[BlackTitle "II"]
[WhiteElo "1295"]
[BlackElo "1172"]

1. e4 c5 2. Nf3 g6 3. d4 cxd4 4. Nxd4 Nc6 5. Nc3 Bg7 6. Be3 Nf6 7. Bc4 O-O 8. Bb3
a5 9. O-O d5 10. Bxd5 Nxd5 11. exd5 Nb4 12. Re1 Nxd5 13. Nxd5 Qxd5 14. c3 b6 15.
Nf3 Qc6 16. Qb3 Bg4 17. Nd4 Qb7 18. f3 Bd7 19. Rad1 Rad8 20. Bf2 b5 21. Rxe7 Rde8
22. Rxe8 Rxe8 23. a3 a4 24. Qc2 g5 25. Nf5 Bf8 26. Nd6 Bxd6 27. Rxd6 g4 28. fxg4
Bxg4 29. Qd2 Qe7 30. Rd3 Kh8 31. Re3 Be6 32. Qd4+ Kg8 33. Rg3+ Kf8 34. Qh8# 1-0

[Event "POLFINAL MISTRZOSTW POLSKI JUNIOROW 2019 - C11"]
[Site "Ustron"]
[Date "1899-12-30"]
[Round "7.13"]
[White "Wilgosz, Szczepan"]
[Black "Sawicki, Dorian"]
[Result "1-0"]
[WhiteTitle "II"]
[BlackTitle "II"]
[WhiteElo "1268"]
[BlackElo "1142"]

1. e4 c5 2. Nf3 Nc6 3. d4 cxd4 4. Nxd4 e6 5. Nc3 Qc7 6. Be3 a6 7. Qd2 Nf6 8. f3
Bb4 9. O-O-O Nxd4 10. Qxd4 Bxc3 11. bxc3 O-O 12. Qc5 Qxc5 13. Bxc5 Re8 14. Bd6
b5 15. g4 h6 16. h4 Nh7 17. c4 bxc4 18. Bxc4 Bb7 19. Bf4 Nf8 20. g5 hxg5 21. Bxg5
Rac8 22. Bb3 Bc6 23. Rdg1 a5 24. h5 Nh7 25. Bh6 a4 26. Bc4 Bxe4 27. fxe4 Rxc4
28. Bxg7 Rxe4 29. Be5+ Kf8 30. Bd6+ Re7 31. Bxe7+ Kxe7 32. Rg7 Nf6 33. h6 Rf4
34. h7 Nxh7 35. Rgxh7 e5 36. R7h4 Ke6 37. Rxf4 exf4 38. Kd2 Ke5 39. Kd3 d5 40.
c4 dxc4+ 41. Kxc4 Ke4 42. Kb4 f3 43. Kxa4 Ke3 44. Kb3 Ke2 45. a4 f2 46. a5 f1=Q
47. Rxf1 Kxf1 48. a6 f5 49. a7 f4 50. a8=Q Kf2 51. Qa2+ Kg3 52. Qe2 f3 53. Qf1
Kf4 54. Kc3 Ke3 55. Kc2 f2 56. Kc3 Kf3 57. Kd3 Kg3 58. Ke3 Kh2 59. Qxf2+ Kh1 60.
Qh4+ Kg2 61. Qf4 Kh3 62. Qg5 Kh2 63. Kf2 Kh3 64. Qg3# 1-0

[Event "POLFINAL MISTRZOSTW POLSKI JUNIOROW 2019 - C11"]
[Site "Ustron"]
[Date "1899-12-30"]
[Round "7.14"]
[White "Mieszkowski, Adam"]
[Black "Cichon, Aleksander"]
[Result "0-1"]
[WhiteTitle "II"]
[BlackTitle "II"]
[WhiteElo "1126"]
[BlackElo "1207"]

1. e4 c5 2. Nf3 e6 3. c3 Nf6 4. Bd3 d5 5. exd5 exd5 6. Bc2 Nc6 7. d4 cxd4 8. cxd4
Be7 9. a3 h6 10. Nc3 Be6 11. h3 O-O 12. Bf4 a6 13. O-O Bd6 14. Ne5 Qc7 15. Re1
Rfe8 16. Bb3 Re7 17. Qd3 Rae8 18. Nxc6 Qxc6 19. Ba4 b5 20. Nxb5 Bf5 21. Rxe7 Bxd3
22. Nc3 Bb5 23. Bxd6 Qxd6 24. Rxe8+ Nxe8 25. Nxb5 axb5 26. Bxb5 Qb8 27. Bxe8 Qxe8
28. a4 Qb8 29. Rb1 Qb3 30. a5 Qa2 31. Re1 Qxa5 32. Re8+ Kh7 33. Rb8 Qa7 34. Rb4
Qd7 35. b3 Qe7 36. Rb5 Qe1+ 37. Kh2 Qxf2 38. Rxd5 Qb2 39. Rd8 Qxb3 40. d5 Qb6
41. Rd7 Qb8+ 42. Kg1 Qe8 43. Rb7 Qd8 44. Rb5 Qd7 45. Ra5 Qd6 46. Rb5 Qa6 47. Rb8
Qa7+ 48. Kh1 Qxb8 49. Kg1 Qd6 50. Kf2 Qxd5 51. Kg3 f5 0-1

[Event "POLFINAL MISTRZOSTW POLSKI JUNIOROW 2019 - C11"]
[Site "Ustron"]
[Date "1899-12-30"]
[Round "7.16"]
[White "Owierczuk, Szymon"]
[Black "Uhryn, Mateusz"]
[Result "1-0"]
[WhiteTitle "II"]
[BlackTitle "II+"]
[WhiteElo "1086"]
[BlackElo "1362"]

1. d4 d5 2. c4 c6 3. Nc3 Nf6 4. Nf3 g6 5. Bg5 Bg7 6. e3 O-O 7. cxd5 cxd5 8. Bd3
Nc6 9. O-O Bg4 10. h3 Bxf3 11. Qxf3 Qd7 12. Bxf6 Bxf6 13. Nxd5 Bg7 14. Bb5 a6
15. Bxc6 bxc6 16. Nb6 Qd6 17. Nxa8 Rxa8 18. Rac1 Rc8 19. Rc2 c5 20. Rfc1 c4 21.
Rxc4 Rxc4 22. Rxc4 h5 23. Qc6 Qxc6 24. Rxc6 e5 25. dxe5 Bxe5 26. Rxa6 Bxb2 27.
a4 Kf8 28. Rb6 Bc3 29. Rb5 Ke8 30. a5 Bxa5 31. Rxa5 Ke7 32. g4 hxg4 33. hxg4 Ke6
34. f4 f5 35. gxf5+ gxf5 36. Re5+ Kf6 37. e4 fxe4 38. Rxe4 Kf5 39. Ra4 Kg4 40.
f5+ Kxf5 41. Kf2 Ke5 42. Ke3 Kd5 43. Rh4 Kc5 44. Kd3 Kb5 45. Kc3 Ka5 46. Rb4 Ka6
47. Kc4 Ka5 48. Rb1 Ka6 49. Kc5 Ka7 50. Kc6 Ka8 51. Kc7 Ka7 52. Ra1# 1-0

[Event "POLFINAL MISTRZOSTW POLSKI JUNIOROW 2019 - C11"]
[Site "Ustron"]
[Date "1899-12-30"]
[Round "7.17"]
[White "Macura, Mateusz"]
[Black "Katny, Tymoteusz"]
[Result "1/2-1/2"]
[WhiteTitle "II"]
[BlackTitle "III"]
[WhiteElo "1249"]
[BlackElo "1027"]

1. e4 e5 2. Nf3 Nc6 3. Bc4 Bc5 4. c3 Nf6 5. d4 exd4 6. cxd4 Bb4+ 7. Nc3 Nxe4 8.
O-O Bxc3 9. d5 Na5 10. Qe2 O-O 11. Qxe4 Re8 12. Qd3 Bf6 13. Rb1 Nxc4 14. Qxc4
d6 15. Be3 a6 16. Rfc1 Bf5 17. b3 Bxb1 18. Rxb1 Qd7 19. Rc1 Rac8 20. h3 Qb5 21.
Qxb5 axb5 22. Nd4 Bxd4 23. Bxd4 c5 24. dxc6 Rxc6 25. Rd1 Re2 26. a4 bxa4 27. bxa4
Re4 28. a5 h6 29. f3 Rf4 30. Kf2 Ra6 31. Bb6 Rf6 32. Ke3 Rg6 33. g4 Kf8 34. f4
Re6+ 35. Kd4 Re7 36. Rd3 Rd7 37. Kd5 Ra8 38. Rc3 Ke7 39. f5 Kf6 40. h4 h5 41.
gxh5 Kxf5 42. Rg3 g6 43. hxg6 fxg6 44. Rg5+ Kf6 45. Rg4 Re8 46. Bd4+ Kf7 47. Rf4+
Kg8 48. Rf6 Kh7 49. Rxd6 Rxd6+ 50. Kxd6 Rd8+ 51. Kc5 Kh6 52. Bf6 Rc8+ 53. Kb5
Rc6 54. Bg5+ Kg7 55. Bd8 Rd6 56. Bg5 Kf7 57. Kc5 Ke6 58. Kb5 Rc6 59. Bd8 1/2-1/2